| 000 | 00465nam a2200169 a 4500 | ||
|---|---|---|---|
| 005 | 20210219154108.0 | ||
| 008 | 020821s1963 mx r 000 0 spa d | ||
| 035 | _aUPN01000118428 | ||
| 049 | _aCG | ||
| 050 | 4 |
_aPN37 _bE54 |
|
| 245 | 0 | 0 |
_aEnglish reading selections : _bbook 3. |
| 260 |
_aLa Habana : _bMinisterio de Educación, _c1963. |
||
| 300 |
_a56 p. : _bil. |
||
| 650 | 4 |
_aLITERATURA - _vMISCELANEA |
|
| 650 | 4 |
_aINGLES - _vLIBROS DE LECTURA |
|
| 905 | _aLibro | ||
| 999 |
_c90803 _d90803 |
||